|
|
|
|
| LEADER |
00000nab a2200000 a 4500 |
| 001 |
vtls000038176 |
| 003 |
SK-MaSNL |
| 005 |
20260303023330.0 |
| 008 |
111103c1979 xo 0 slo |
| 015 |
|
|
|a SNBRB19rr/mm-uuuuu
|
| 035 |
|
|
|a CL0048271
|
| 040 |
|
|
|a SNKBUCL
|b slo
|c SNKBUCL
|e AACR2
|
| 041 |
0 |
|
|a slo
|
| 044 |
|
|
|a xo
|c SK
|
| 080 |
|
|
|a 69
|2 1981
|
| 080 |
|
|
|a 71
|2 1981
|
| 100 |
1 |
|
|a Spiška, Ivan
|4 aut
|9 283495
|
| 245 |
1 |
0 |
|a O urbanistických a architektonických hodnotách
|b Zamyslenie nad problémom výstavby našich dedín
|c Ivan Spiška, Július Krajčí
|
| 300 |
|
|
|b Obr. 1.
|
| 650 |
0 |
7 |
|a rodinné domy
|2 snkbucl
|9 2984
|
| 650 |
0 |
7 |
|a dediny
|2 snkbucl
|9 51460
|
| 655 |
|
7 |
|a články z novín a časopisov
|2 snkbucl
|9 267496
|
| 700 |
1 |
|
|a Krajčí, Július
|4 aut
|9 267047
|
| 773 |
0 |
|
|t Pravda
|g Roč. 60, č. 211 (7. 9. 1979), s. 3
|
| 850 |
|
|
|a Slovenská národná knižnica v Martine
|a MTA001
|
| 852 |
|
|
|a SNK
|b KIS3GCP
|
| 958 |
|
|
|a RK
|
| 992 |
|
|
|a RBX
|
| 999 |
|
|
|c 1633913
|d 1635843
|